|
|
|
|
| LEADER |
00000naa2a2200000 4500 |
| 001 |
562792 |
| 005 |
20231101123324.0 |
| 035 |
|
|
|a (RuTPU)RU\TPU\prd\258213
|
| 035 |
|
|
|a RU\TPU\prd\258201
|
| 090 |
|
|
|a 562792
|
| 100 |
|
|
|a 20160523a2007 k y0rusy50 ca
|
| 101 |
0 |
|
|a rus
|
| 102 |
|
|
|a RU
|
| 200 |
1 |
|
|a Исследование эмиссионных свойств плазмы газонаполненного диода с сеточным плазменным катодом
|f С. Н. Григорьев [и др.]
|
| 461 |
|
0 |
|0 (RuTPU)RU\TPU\prd\191
|x 0021-3411
|t Известия вузов. Физика
|f Российская Федерация, Министерство образования и науки ; ФГБОУ ВПО "Национальный исследовательский Томский государственный университет"
|d 1958-
|
| 463 |
|
0 |
|0 (RuTPU)RU\TPU\prd\77785
|t Т. 51, № 9
|v С. 232
|d 2008
|
| 610 |
1 |
|
|a труды учёных ТПУ
|
| 701 |
|
1 |
|a Григорьев
|b С. Н.
|
| 701 |
|
1 |
|a Девятков
|b В. Н.
|
| 701 |
|
1 |
|a Коваль
|b Н. Н.
|c специалист в области электроники
|c профессор Томского политехнического университета, доктор технических наук
|f 1948-
|g Николай Николаевич
|2 stltpush
|3 (RuTPU)RU\TPU\pers\31831
|
| 701 |
|
1 |
|a Тересов
|b А. Д.
|
| 701 |
|
1 |
|a Щанин
|b П. М.
|
| 801 |
|
1 |
|a RU
|b 63413507
|c 20160523
|
| 801 |
|
2 |
|a RU
|b 63413507
|c 20160523
|g RCR
|
| 942 |
|
|
|c BK
|